Η ζωή του Πι
Αποθηκεύτηκε σε:
| Κύριος συγγραφέας: | |
|---|---|
| Άλλοι συγγραφείς: | |
| Μορφή: | Βιβλίο |
| Γλώσσα: | Greek English |
| Δημοσίευση: |
Αθήνα :
Ψυχογιός,
2003.
|
| Θέματα: | |
| Ετικέτες: |
Προσθήκη ετικέτας
Δεν υπάρχουν, Καταχωρήστε ετικέτα πρώτοι!
|
MARC
| LEADER | 00000cam a2200000 i 4500 | ||
|---|---|---|---|
| 001 | 1/67373 | ||
| 008 | 041130s2003 gr | ||| |||| ||gre|| | ||
| 020 | |a 9602746904 | ||
| 035 | |l 10075572 | ||
| 040 | |a GR-MyUA |b gre |e AACR2 | ||
| 041 | 1 | |a gre |h eng | |
| 082 | 0 | |a 813.54 |2 (21) | |
| 100 | 1 | |a Martel, Yann. | |
| 245 | 1 | 2 | |a Η ζωή του Πι / |c Γιαν Μαρτέλ ; μετάφραση Μπελίκα Κουμπαρέλη. |
| 260 | |a Αθήνα : |b Ψυχογιός, |c 2003. | ||
| 300 | |a 444 σ. ; |c 21 εκ. | ||
| 500 | |a Βραβείο Booker 2002. | ||
| 650 | 0 | 0 | |a Survival after airplane accidents, shipwrecks, etc. |x Fiction. |
| 650 | 0 | 0 | |a Human-animal relationships |x Fiction. |
| 650 | 0 | 0 | |a Pacific Ocean |x Fiction. |
| 650 | 0 | 0 | |a Storytelling |x Fiction. |
| 650 | 0 | 0 | |a Teenage boys |x Fiction. |
| 650 | 0 | 0 | |a Ocean travel |x Fiction. |
| 650 | 0 | 0 | |a Zoo animals |x Fiction. |
| 650 | 0 | 0 | |a Orphans |x Fiction. |
| 650 | 0 | 0 | |a Tigers |x Fiction. |
| 650 | 0 | 0 | |a Psychological fiction. |
| 650 | 0 | 0 | |a Adventure stories. |
| 700 | 1 | |a Κουμπαρέλη, Μπελίκα, |d 1958- |e trlf | |
| 765 | 0 | 8 | |i Μετάφραση του: |t Life of Pi / |
| 852 | |a INST |b RHODES |e 20041130 |h 813.54 MAR |p 005400018062 |q 005400018062 |t BK |y 0 | ||
| 852 | |a INST |b SAMOS |e 20060127 |h 813.54 MAR |p 005300024581 |q 005300024581 |t BK |y 0 | ||
| 901 | |a BIBL3-2006-1 | ||
| 901 | |a BIBL4-2005-1 | ||
| 909 | |a Σ |b 124728 | ||
| 909 | |a Ρ |b 110295 | ||
| 922 | |a 3ΕΛΗ |b 200601 |c ΜΕΤΑΠΤΥΧΙΑΚΟ/ΜΑΘΗΜΑΤΙΚΟ |d ΜΙΧΑΛΟΠΟΥΛΟΣ | ||
| 922 | |a 4ΕΛΗ |b 200412 |c ΒΙΒΛΙΟΘΗΚΗ |d ΔΕΝΤΡΟ | ||
| 950 | |a 094 | ||
| 970 | |a ΧΟΡΟΖΙΔΟΥ |b ΤΖΕΝΗ |z 2005/01/20 | ||